000 01081nam0a22002531 4500
001 rc\4476576
005 20260406160032.0
021 _aRU
_b[60-17235]
035 _a(NLR Aleph) 008599551
090 _a8695171
_c8695171
100 _a20130416d1960 |||y0rusy50 ca
101 0 _arus
102 _aRU
105 _aa z |||||
200 1 _aКраткие технические характеристики машин и оборудования для лесосплава
_fГос. науч.-техн. ком. Совета Министров РСФСР. ЦБТИ [лесной пром-сти]
210 _aМосква
_aЛенинград
_cГослесбумиздат
_d1960
215 _a92 с.
_cил.
_d22
606 _aЛесосплавное оборудование
_2psbo
712 0 2 _aЦентральное бюро технической информации лесной промышленности
_cМосква
_3RU\NLR\AUTH\889931374
_9358196
801 0 _aRU
_bNLR
_gpsbo
801 1 _aRU
_bELAR
_2rusmarc
852 _aNLR
_j60-6/1663
942 _cBOOK
980 _aNB